000 00653nam a22001577a 4500
008 170308b xxu||||| |||| 00| 0 eng d
082 _22016
_aUT 0687
_bSa55
100 _919078
_aSanchez, Feary Jean C.
245 _aModeling The Fluctuation of Seaweed Price In The Livelihood of The Planters in Badiang, Sinawilan, Digos City
_cFearly Jean C. Sanchez, Lyca G. Bedolido and Claudine Sasi
300 _a51 pages;
_b29 cm.
650 0 _919079
_aBusiness Administration
_vFinancial Management
_xUndergraduate Thesis.
700 _919080
_aSanchez, Fearly Jean C.
700 _919081
_aBedolido, Lyca G.
700 _919082
_aSasi, Claudine A.
942 _2ddc
_cUT
999 _c6352
_d6352